Arcade Games by Picture - Statistics

General Stats
  • This quiz has been taken 7 times
  • The average score is 7 of 12
Answer Stats
Picture Answer % Correct
Dig Dug
100%
Donkey Kong
100%
Frogger
100%
Ms. Pacman
100%
Pac-man
100%
Space Invaders
100%
Asteroids
57%
Centipede
43%
Tempest
14%
Atari Football
0%
Defender
0%
Robotron: 2084
0%
No matching quizzes found
Score Distribution
Percent of People with Each Score
Percentile by Number Answered
Your Score History
You have not taken this quiz